Science Quiz

Random Science or Puzzle Quiz
Score 0/288 Timer 15:00
14 Plays Today
% Correct
 ✱ 
96%
 ✱ 
96%
 ✱ 
94%
 ✱ 
94%
 ✱ 
92.2%
 ✱ 
92.2%
 ✱ 
89.9%
 ✱ 
89.9%
 ✱ 
88.5%
 ✱ 
87.5%
 ✱ 
87.5%
 ✱ 
87.2%
 ✱ 
87.2%
 ✱ 
86.6%
 ✱ 
86.6%
 ✱ 
85.2%
 ✱ 
85.2%
 ✱ 
82.1%
 ✱ 
82.1%
 ✱ 
81.9%
 ✱ 
81.9%
 ✱ 
80.5%
 ✱ 
80.5%
 ✱ 
80.2%
 ✱ 
80.2%
 ✱ 
79.8%
 ✱ 
79.8%
 ✱ 
79.2%
 ✱ 
79.2%
 ✱ 
78.3%
 ✱ 
78.3%
 ✱ 
77.7%
 ✱ 
77.7%
 ✱ 
77.6%
 ✱ 
77.6%
 ✱ 
76.3%
 ✱ 
76.3%
 ✱ 
76.3%
 ✱ 
76.3%
 ✱ 
75.2%
 ✱ 
75.2%
 ✱ 
75.2%
 ✱ 
74.8%
 ✱ 
74.8%
 ✱ 
74.3%
 ✱ 
74.3%
 ✱ 
72.8%
 ✱ 
72.8%
 ✱ 
72.8%
 ✱ 
72.7%
 ✱ 
72.7%
 ✱ 
72.7%
 ✱ 
72.7%
 ✱ 
72.5%
 ✱ 
72.5%
 ✱ 
72.1%
 ✱ 
72.1%
 ✱ 
72.1%
 ✱ 
72.1%
 ✱ 
71.8%
 ✱ 
71.8%
 ✱ 
71.8%
 ✱ 
71.8%
 ✱ 
70.8%
 ✱ 
70.8%
 ✱ 
70.3%
 ✱ 
70.3%
 ✱ 
70.3%
 ✱ 
69.1%
 ✱ 
69.1%
 ✱ 
68.9%
 ✱ 
68.9%
 ✱ 
67.8%
 ✱ 
67.8%
 ✱ 
66.9%
 ✱ 
66.9%
 ✱ 
65.8%
 ✱ 
65.8%
 ✱ 
65.5%
 ✱ 
65.5%
 ✱ 
65.3%
 ✱ 
65.3%
 ✱ 
65%
 ✱ 
65%
 ✱ 
65%
 ✱ 
64.6%
 ✱ 
64.6%
 ✱ 
64.6%
 ✱ 
64.4%
 ✱ 
64.4%
 ✱ 
64.4%
 ✱ 
64.4%
 ✱ 
64.4%
 ✱ 
63.2%
 ✱ 
63.2%
 ✱ 
63%
% Correct
 ✱ 
63%
 ✱ 
63%
 ✱ 
63%
 ✱ 
63%
 ✱ 
62.4%
 ✱ 
62.4%
 ✱ 
62.4%
 ✱ 
62.3%
 ✱ 
62.3%
 ✱ 
61.7%
 ✱ 
61.7%
 ✱ 
61.6%
 ✱ 
61.6%
 ✱ 
61.2%
 ✱ 
61.2%
 ✱ 
61%
 ✱ 
61%
 ✱ 
60.9%
 ✱ 
60.9%
 ✱ 
60.3%
 ✱ 
60.3%
 ✱ 
59.8%
 ✱ 
59.8%
 ✱ 
59.7%
 ✱ 
59.7%
✓ Bone
59.7%
 ✱ 
59.6%
 ✱ 
59.6%
 ✱ 
59.6%
 ✱ 
59.6%
 ✱ 
59.6%
 ✱ 
59.4%
 ✱ 
59.4%
 ✱ 
59.4%
 ✱ 
59.4%
 ✱ 
59.2%
 ✱ 
59.2%
 ✱ 
58.9%
 ✱ 
58.9%
 ✱ 
58.8%
 ✱ 
58.8%
 ✱ 
58.8%
 ✱ 
58.8%
 ✱ 
58.8%
 ✱ 
58.8%
 ✱ 
58.5%
 ✱ 
58.5%
✓ Palm tree
57.7%
 ✱ 
57.2%
 ✱ 
57.2%
 ✱ 
56.5%
 ✱ 
56.5%
✓ Shark
56.4%
✓ Elephant
55.1%
 ✱ 
54.8%
 ✱ 
54.8%
 ✱ 
54.8%
✓ Microscope
54.5%
 ✱ 
54%
 ✱ 
54%
 ✱ 
54%
✓ Syringe
53.9%
 ✱ 
53%
 ✱ 
53%
 ✱ 
52.9%
 ✱ 
52.9%
 ✱ 
52.4%
 ✱ 
52.4%
 ✱ 
52.2%
 ✱ 
52.2%
 ✱ 
52.2%
 ✱ 
52.2%
 ✱ 
52%
 ✱ 
52%
 ✱ 
52%
 ✱ 
52%
 ✱ 
51.4%
 ✱ 
51.4%
✓ DNA
51.3%
 ✱ 
51.1%
 ✱ 
51.1%
 ✱ 
51.1%
 ✱ 
50.5%
 ✱ 
50.5%
 ✱ 
49.3%
 ✱ 
49.3%
 ✱ 
49.3%
 ✱ 
49.3%
 ✱ 
49.3%
 ✱ 
48.8%
 ✱ 
48.8%
 ✱ 
48.7%
 ✱ 
48.7%
✓ Infinity
48.4%
 ✱ 
48.3%
 ✱ 
48.3%
% Correct
 ✱ 
48.3%
 ✱ 
48.1%
 ✱ 
48.1%
 ✱ 
47.9%
 ✱ 
47.9%
 ✱ 
47.8%
 ✱ 
47.8%
 ✱ 
47.7%
 ✱ 
47.7%
 ✱ 
47.3%
 ✱ 
47.3%
✓ Saturn
47%
 ✱ 
46.4%
 ✱ 
46.4%
 ✱ 
46.3%
 ✱ 
46.3%
 ✱ 
46.3%
 ✱ 
46.3%
 ✱ 
46.2%
 ✱ 
46.2%
 ✱ 
45.9%
 ✱ 
45.9%
 ✱ 
45.9%
 ✱ 
45.9%
 ✱ 
45.8%
 ✱ 
45.8%
 ✱ 
45.6%
 ✱ 
45.6%
 ✱ 
44.9%
 ✱ 
44.9%
 ✱ 
44.7%
 ✱ 
44.7%
 ✱ 
44.3%
 ✱ 
44.3%
 ✱ 
44.1%
 ✱ 
44.1%
✓ Rhino
43.3%
 ✱ 
43.1%
 ✱ 
43.1%
 ✱ 
43%
 ✱ 
43%
 ✱ 
42.5%
 ✱ 
42.5%
✓ Pi
41.7%
 ✱ 
41.7%
 ✱ 
41.7%
 ✱ 
41.6%
 ✱ 
41.6%
 ✱ 
41.6%
 ✱ 
41%
 ✱ 
41%
 ✱ 
40.8%
 ✱ 
40.8%
✓ Test tube
40.7%
✓ Dinosaur
40.3%
✓ Lambda
40.1%
 ✱ 
40%
 ✱ 
40%
✓ Light bulb
39.3%
✓ Abacus
39.3%
 ✱ 
38%
 ✱ 
38%
 ✱ 
38%
 ✱ 
38%
 ✱ 
37.7%
 ✱ 
37.7%
 ✱ 
37.7%
 ✱ 
37.7%
 ✱ 
37.5%
 ✱ 
37.5%
 ✱ 
37%
 ✱ 
37%
✓ Molecule
36.7%
 ✱ 
36.6%
 ✱ 
36.6%
 ✱ 
36.3%
 ✱ 
36.3%
✓ Telescope
36.1%
 ✱ 
34.3%
 ✱ 
34.3%
 ✱ 
34.1%
 ✱ 
34.1%
 ✱ 
32.4%
 ✱ 
32.4%
 ✱ 
32.4%
 ✱ 
31.3%
 ✱ 
31.3%
 ✱ 
30.1%
 ✱ 
30.1%
 ✱ 
30.1%
 ✱ 
30.1%
 ✱ 
30.1%
✓ Sigma
29.2%
✓ Computer
28.5%
✓ Volcano
26.7%
✓ Floppy
25.6%
Remove Ads.
Support Sporcle.
Get the best of Sporcle when you Go Orange. This ad-free experience offers more features, more stats, and more fun while also helping to support Sporcle. Thank you for becoming a member.

You're not logged in!

Compare scores with friends on all Sporcle quizzes.
OR
Log In

Show Comments

Extras

Top Quizzes Today


Score Distribution

Your Account Isn't Verified!

In order to create a playlist on Sporcle, you need to verify the email address you used during registration. Go to your Sporcle Settings to finish the process.

Report this User

Report this user for behavior that violates our Community Guidelines.

Details: